000 02128cam a2200325 a 4500
001 16973713
005 20170105102913.0
008 110923s2012 nyu b 001 0 eng
010 _a 2011039708
020 _a9780415899253
040 _aDLC
_cDLC
042 _apcc
043 _an-us---
050 0 0 _aKF9619
_b.B67 2012
082 0 0 _a347.73008
_223
100 1 _aBraunmühl, Caroline.
245 1 0 _aColonial discourse and gender in U.S. criminal courts :
_bcultural defenses and prosecutions /
_cby Caroline Braunmühl.
246 3 _aColonial discourse and gender in United States criminal courts
260 _aNew York :
_bRoutledge,
_c2012.
300 _axii, 281 p. ;
_c24 cm.
490 0 _aRoutledge advances in criminology ;
_v12
504 _aIncludes bibliographical references and index.
505 0 _aTheoretical perspective -- The corpus of cases -- Ethnicizing prosecutions and defenses : "culture" and "gender" in trial parties' argumentative strategies and in the debate about "the cultural defense" -- Biases and blindspots in the debate -- Cultural profiling : the patriarchal other : first case study -- "Cultural defense" I : the oppressed third world woman : second case study -- "Cultural defense" II : the patriarchal other : third case study -- Conclusion: cultural information or gendered colonial discourse? -- Resistance/instabilities : the spectrum of discursive politics in trials involving "cultural evidence" and the involuntary subversion of hegemonic discourse -- Contesting "cultural evidence" : adversarial opposition or mutual collusion? -- Witnesses and hegemonic consensus -- Beyond mere "resistance" : the spectrum of instabilities fracturing hegemonic trial discourse and what difference they make -- Conclusion: practical/theoretical implications.
650 0 _aCultural defense (Law)
_zUnited States.
650 0 _aMinorities
_xLegal status, laws, etc.
_zUnited States.
650 0 _aCriminal justice, Administration of
_zUnited States.
906 _a7
_bcbc
_corignew
_d1
_eecip
_f20
_gy-gencatlg
942 _2ddc
_cBK
999 _c15221
_d15221